Manual de sociedades anónimas (Registro nro. 3502)
[ vista simple ]
| 000 -LEADER | |
|---|---|
| fixed length control field | 00945 a2200217 4500 |
| 001 - CONTROL NUMBER | |
| control field | 41406 |
| 005 - DATE AND TIME OF LATEST TRANSACTION | |
| control field | 20260407155708.0 |
| 008 - FIXED-LENGTH DATA ELEMENTS--GENERAL INFORMATION | |
| fixed length control field | 260407a1975 arg spa d |
| 003 - CONTROL NUMBER IDENTIFIER | |
| control field | AR-UNSa-BCEJYS |
| 040 ## - CATALOGING SOURCE | |
| Original cataloging agency | AR-UNSa-BCEJYS |
| Language of cataloging | spa |
| Transcribing agency | AR-UNSa-BCEJYS |
| 080 ## - UNIVERSAL DECIMAL CLASSIFICATION NUMBER | |
| Universal Decimal Classification number | 347.725 |
| Common auxiliary subdivision | Sociedades públicas. Sociedades anónimas (Sociedades por acciones) |
| 041 ## - LANGUAGE CODE | |
| Language code of text/sound track or separate title | spa |
| 100 1# - MAIN ENTRY--PERSONAL NAME | |
| Personal name | Mascheroni, Fernando H. |
| 245 10 - TITLE STATEMENT | |
| Title | Manual de sociedades anónimas |
| Name of part/section of a work | constitución y funcionamiento |
| 250 ## - EDITION STATEMENT | |
| Edition statement | 2a. ed. |
| 264 #1 - PRODUCTION, PUBLICATION, DISTRIBUTION, MANUFACTURE, AND COPYRIGHT NOTICE | |
| Place of production, publication, distribution, manufacture | Buenos Aires : |
| Name of producer, publisher, distributor, manufacturer | Cangallo |
| Date of production, publication, distribution, manufacture, or copyright notice | 1975 |
| 300 ## - PHYSICAL DESCRIPTION | |
| Extent | 796 p. |
| Dimensions | 23 cm. |
| 505 ## - FORMATTED CONTENTS NOTE | |
| Formatted contents note | 1. Constitución. Requisitos formales y procesales - 2. Capital Social - 3. Acciones, nominatividad - 4. La asamblea de accionistas - 5. La administración de la sociedad - 6. La fiscalización interna - 7. Extinción y reorganización de la sociedad - 8. Normas aplicables y modelos prácticos |
| 590 ## - LOCAL NOTE (RLIN) | |
| Local note | niveau_biblio:m niveau_hierar:0 |
| 942 ## - ADDED ENTRY ELEMENTS (KOHA) | |
| Koha item type | |
| Withdrawn status | Lost status | Damaged status | Not for loan | Home library | Current library | Shelving location | Date acquired | Total checkouts | Full call number | Barcode | Date last seen | Price effective from | Koha item type |
|---|---|---|---|---|---|---|---|---|---|---|---|---|---|
| Biblioteca Prof. Eusebio Cleto del Rey | Biblioteca Prof. Eusebio Cleto del Rey | 07/04/2026 | 347.725 M395 2ed. | L119073 | 07/04/2026 | 07/04/2026 | Libro |